[Event "Budapest FS12 GM"]
[Site "Budapest"]
[Date "1997.??.??"]
[Round "4"]
[White "Tate, Emory"]
[Black "Horvath, Adam"]
[Result "1-0"]
[WhiteElo "2405"]
[BlackElo "2415"]

1. Nc3 c5 2. e4 Nc6 3. Nf3 g6 4. d4 cxd4 5. Nxd4 Bg7 6. Be3 Nf6 7. Bc4 Qa5 8.  O-O O-O 9. Nb3 Qc7 10. Bg5 a6 11. a4 Nb4 12. Be2 d6 13. a5 Bd7 14. Qd2 b5 15.  axb6 Qxb6 16. e5 dxe5 17. Bxf6 Bxf6 18. Qxd7 Nxc2 19. Rac1 Qxb3 20. Bd1 Rad8  21. Bxc2 Qxb2 22. Qh3 Bg5 23. Na4 Qxc1 24. Rxc1 Bxc1 25. Nb6 Rd4 26. Qc3 Bd2  27. Qc5 Rfd8 28. g3 Bg5 29. Qxe5 Bf6 30. Qc5 Kg7 31. Bb3 e6 32. Nc4 Rd3 33. Qb4  R8d5 34. Bc2 Rc3 35. Ne3 Rd2 36. Ba4 Rc1+ 37. Kg2 Rd4 38. Qa3 Rc7 39. Qa2 Rc3  40. Kh3 h5 41. Bb3 Rb4 42. Bxe6 Rb2 43. Qxa6 fxe6 44. Nd1 Rcc2 45. Qa7+ Kh6 46.  Nxb2 Rxb2 47. Kg2 Re2 48. Kf1 Re5 49. Qd7 Bg7 50. f3 Rf5 51. Kg2 e5 52. Qe6 Rf6  53. Qe7 Rb6 54. g4 Bf6 55. Qf8+ Kh7 56. gxh5 gxh5 57. Kf2 Rb2+ 58. Ke3 Bg5+ 59.  Ke4 Bf4 60. Qf7+ Kh6 61. Qf6+ Kh7 62. Qe7+ Kh6 63. h4 Rg2 64. Qf6+ Kh7 65. Kf5  Rg7 66. Qf8 Rg2 67. Qe8 Rg3 68. Kf6 Rg2 69. Qxh5+ Kg8 70. Qf7+ Kh8 71. Qh5+ Kg8  72. Qe8+ Kh7 73. Qd7+ Kh8 74. Qf7 Rg3 75. Qe6 Kh7 76. Qf5+ Kh8 77. Qh5+ Kg8 78.  Ke7 Rg7+ 79. Ke8 Rg3 80. Qf7+ Kh8 81. Qf6+ Kg8 82. h5 Rg2 83. Qh4 Rg1 84. Qh3  Rg3 85. Qd7 Rg1 86. Qf7+ Kh8 87. Qa2 Rg3 88. Kf7 Rg7+ 89. Kf6 Rg3 90. Qe2 Rg1  91. Qe4 Rg3 92. Qa8+ Rg8 93. Qb7 Rg3 94. Qd7 Rg1 95. Qe6 Rg3 96. Kf7 Rg7+ 97.  Kf8 Rg3 98. Qf6+ Kh7 99. Kf7 e4 100. fxe4 1-0

[Event "Budapest FS12 GM"]
[Site "Budapest"]
[Date "1997.??.??"]
[Round "6"]
[White "Tate, Emory"]
[Black "Tomescu, Vlad"]
[Result "0-1"]
[WhiteElo "2405"]
[BlackElo "2410"]

1. e4 Nc6 2. d4 d5 3. Nc3 dxe4 4. d5 Ne5 5. Qd4 Ng6 6. h4 e5 7. Qa4+ Bd7 8. Bb5  f5 9. h5 N6e7 10. Bg5 h6 11. Bh4 a6 12. Bxd7+ Qxd7 13. Qc4 Nf6 14. O-O-O Nc8  15. f3 Nd6 16. Qe2 Be7 17. Bxf6 gxf6 18. fxe4 fxe4 19. Nxe4 Rg8 20. Nc5 Qb5 21.  Ne6 Rc8 22. Qxb5+ axb5 23. Nf3 c6 24. Nc5 Rxg2 25. Nh4 Re2 26. Rhg1 cxd5 27.  Rxd5 Kf7 28. Kd1 Rh2 29. Ng6 Nf5 30. Nxe7 Nxe7 31. Nxb7 Nxd5 32. Nd6+ Ke6 33.  Nxc8 Ne3+ 34. Ke1 Nxc2+ 35. Kd1 Ne3+ 36. Ke1 Rxb2 37. Rg6 Nf5 0-1

[Event "Chicago op"]
[Site "Chicago"]
[Date "1996.??.??"]
[Round "?"]
[White "Tate, Emory"]
[Black "Fishbein, Alexander"]
[Result "0-1"]
[WhiteElo "2380"]
[BlackElo "2515"]

1. e4 c5 2. Nf3 d6 3. d4 cxd4 4. Nxd4 Nf6 5. Nc3 Nc6 6. Bc4 e6 7. Be3 a6 8. Qe2  Qc7 9. O-O-O Be7 10. Bb3 Na5 11. g4 b5 12. g5 Nxb3+ 13. Nxb3 Nd7 14. f4 b4 15.  Nb1 a5 16. N1d2 Ba6 17. Qg2 Rc8 18. Nf1 a4 19. Nd4 Nc5 20. Ng3 b3 21. Kb1 bxc2+  22. Nxc2 Nd3 23. Bc1 O-O 24. f5 Nxc1 25. Rxc1 Bxg5 26. Rcd1 Rb8 27. a3 Rxb2+  28. Kxb2 Rb8+ 29. Nb4 Bf6+ 30. Kb1 Qc3 31. Qa2 Bc4 0-1

[Event "Chicago op"]
[Site "Chicago"]
[Date "1996.??.??"]
[Round "?"]
[White "Tate, Emory"]
[Black "Ivanov, Alexander"]
[Result "1-0"]
[WhiteElo "2380"]
[BlackElo "2525"]

1. c4 g6 2. Nc3 Bg7 3. d4 c5 4. d5 d6 5. e4 e6 6. dxe6 Bxc3+ 7. bxc3 fxe6 8. h4  Nf6 9. h5 Nxh5 10. Nf3 Nc6 11. Bg5 Qc7 12. Be2 e5 13. Nh4 Rf8 14. Bxh5 gxh5 15.  Qxh5+ Rf7 16. Nf3 Be6 17. Bh4 Bxc4 18. Ng5 Qa5 19. Rh3 Nd4 20. Nxf7 Bxf7 21.  Qg5 Kd7 22. Qe7+ Kc6 23. Rb1 Nc2+ 24. Kd2 1-0

[Event "Chicago op"]
[Site "Chicago"]
[Date "1996.??.??"]
[Round "?"]
[White "Tate, Emory"]
[Black "Shahade, Gregory"]
[Result "0-1"]
[WhiteElo "2380"]
[BlackElo "2250"]

1. e4 c5 2. Nf3 d6 3. d4 cxd4 4. Nxd4 Nf6 5. Nc3 g6 6. Be3 Bg7 7. f3 O-O 8. Bc4  Nc6 9. Qe2 Bd7 10. O-O-O a6 11. h4 h5 12. g4 hxg4 13. h5 gxh5 14. Nxc6 bxc6 15.  e5 gxf3 16. Qxf3 dxe5 17. Qg2 Qc8 18. Bc5 Bg4 19. Rde1 Qf5 20. Rhf1 Qg5+ 21.  Kb1 Rfe8 22. Be3 Qg6 23. Qxc6 Rec8 24. Qh1 Bf5 25. Re2 e4 26. Rg1 Ng4 27. Bb3  e6 28. Ka1 Rxc3 29. bxc3 Bxc3+ 30. Kb1 a5 31. a4 Bg7 32. Rd2 Rb8 33. Ka2 Qf6  34. Bd4 Qg5 35. Bxg7 Qxd2 36. Be5 Rxb3 37. Kxb3 Qd5+ 38. c4 Qxe5 39. Qxh5 Qf4  40. Rh1 Qe3+ 41. Ka2 Qd2+ 42. Kb3 Qb4+ 43. Ka2 Qxc4+ 44. Ka3 Qb4+ 45. Ka2 Qxa4+  46. Kb2 Qd4+ 47. Ka2 e3 0-1

[Event "Illinois op"]
[Site "Illinois"]
[Date "1996.??.??"]
[Round "5"]
[White "Tate, Emory"]
[Black "Burke, John S"]
[Result "1-0"]
[WhiteElo "2380"]
[BlackElo "2065"]

1. e4 c5 2. Nf3 Nc6 3. d4 cxd4 4. Nxd4 e6 5. Nc3 a6 6. Be3 Qc7 7. f4 Bb4 8. Bd3  Nf6 9. Qf3 d5 10. e5 Nd7 11. O-O Nxd4 12. Bxd4 Bc5 13. Ne2 b6 14. c3 g6 15. b4  Be7 16. a4 a5 17. Rfc1 Bb7 18. Bb5 Bc6 19. c4 Bxb5 20. axb5 Qb7 21. cxd5 Qxd5  22. Qxd5 exd5 23. bxa5 bxa5 24. b6 O-O 25. Rc7 Rfd8 26. b7 Rab8 27. Rxa5 Bb4  28. Rxd5 Nc5 29. Rxd8+ Rxd8 30. Bxc5 Rd1+ 31. Kf2 1-0

[Event "Mid West Class op"]
[Site "USA"]
[Date "1996.??.??"]
[Round "5"]
[White "Tate, Emory"]
[Black "Rajlich, Vasik G"]
[Result "1-0"]
[WhiteElo "2380"]
[BlackElo "2350"]

1. e4 e5 2. Nf3 d5 3. exd5 Bd6 4. Nc3 Nf6 5. d4 e4 6. Ne5 O-O 7. Bg5 Re8 8. Qd2  Bxe5 9. dxe5 Rxe5 10. O-O-O Bg4 11. Re1 Nbd7 12. h3 Bf5 13. g4 Bg6 14. Bf4 Re8  15. Rg1 Ne5 16. Bxe5 Rxe5 17. f4 e3 18. Qd4 Re4 19. Nxe4 Bxe4 20. Rxe3 Bxd5 21.  Bg2 c5 22. Qd2 Bxg2 23. Qxd8+ Rxd8 24. Rxg2 Rd4 25. Rd2 h5 26. g5 Rxd2 27. Kxd2  Nd5 28. Re4 Kf8 29. f5 f6 30. Rh4 fxg5 31. Rxh5 Nf6 32. Rh8+ Ke7 33. Kd3 Kd6  34. Kc4 a6 35. a4 b6 36. a5 b5+ 37. Kb3 Kc7 38. Ra8 Kb7 39. Rf8 Nh5 40. Rf7+  Kb8 41. c4 Kc8 42. Ra7 b4 43. Rxa6 Kb7 44. Rg6 1-0

[Event "US Class op"]
[Site "USA"]
[Date "1996.??.??"]
[Round "4"]
[White "Tate, Emory"]
[Black "Sevillano, Enrico"]
[Result "1-0"]
[WhiteElo "2380"]
[BlackElo "2470"]

1. c4 e5 2. Nf3 Nc6 3. g3 g6 4. Nc3 Bg7 5. Bg2 d6 6. O-O Nge7 7. d3 O-O 8. Rb1  a5 9. a3 h6 10. b4 axb4 11. axb4 Be6 12. b5 Na5 13. Qc2 f5 14. Bd2 b6 15. Rfc1  Qd7 16. Ra1 f4 17. Qa2 Kh8 18. Nd5 Nf5 19. Ne1 Nd4 20. Bb4 Rac8 21. Rd1 fxg3  22. hxg3 Qf7 23. Nf3 Nxb5 24. Be1 Bxd5 25. cxd5 Nd4 26. Nxd4 exd4 27. Rdc1 Rce8  28. Bh3 Re7 29. Be6 Qf6 30. f3 Nb7 31. Bf2 Nc5 32. Bh3 Rfe8 33. Bf1 Qe5 34.  Rab1 Qf6 35. Rc2 Kh7 36. Bg2 Re3 37. Rb4 h5 38. Kf1 Qe7 39. Bh3 Qg5 40. Rb1 Rf8  41. Kg2 Re7 42. Rh1 Be5 43. Qc4 Kg8 44. Kf1 Bxg3 45. Rg1 h4 46. Bxd4 b5 47. Qa2  Nxd3 48. Be6+ Kh7 49. exd3 Rxf3+ 50. Kg2 Rxd3 51. Qa8 Bf2+ 52. Kxf2 Qf4+ 53.  Ke1 Rd1+ 54. Kxd1 Qxd4+ 55. Ke2 Qxg1 56. Qg8+ Kh6 57. Qf8+ Rg7 58. Rxc7 1-0

[Event "US Masters op"]
[Site "Oakbrook"]
[Date "1996.??.??"]
[Round "4"]
[White "Tate, Emory"]
[Black "Shabalov, Alexander"]
[Result "0-1"]
[WhiteElo "2380"]
[BlackElo "2570"]

1. g3 f5 2. c4 Nf6 3. Nc3 g6 4. Bg2 Bg7 5. d3 O-O 6. h4 d6 7. Bg5 h6 8. Bd2 c6  9. Qc1 Kh7 10. Nh3 e5 11. Bf3 Nbd7 12. Qc2 a5 13. O-O-O Nc5 14. Bg2 d5 15. Ng5+  hxg5 16. hxg5+ Nh5 17. Bf3 d4 18. Bxh5 gxh5 19. Rxh5+ Kg6 20. Rdh1 dxc3 21.  Bxc3 Ne6 22. f4 Qb6 23. e4 Qe3+ 24. Bd2 Qxg3 25. R5h3 Qg4 26. Be3 exf4 27. Rh4  fxe3 28. Rxg4 fxg4 29. d4 Nxd4 30. Qh2 Rh8 31. Qd6+ Be6 32. Re1 Rad8 33. Qc7  Rd7 34. Qxa5 g3 0-1

[Event "World op"]
[Site "Philadelphia"]
[Date "1996.??.??"]
[Round "?"]
[White "Tate, Emory"]
[Black "Gunnarsson, Arinbjorn"]
[Result "1-0"]
[WhiteElo "2380"]
[BlackElo "2220"]

1. e4 e5 2. Nf3 Nc6 3. Bb5 a6 4. Ba4 Nf6 5. O-O b5 6. Bb3 Be7 7. d4 exd4 8. e5  Ne4 9. Bd5 Nc5 10. Nxd4 Bb7 11. Nf5 g6 12. Nh6 Ne6 13. f4 Bc5+ 14. Kh1 Qe7 15.  f5 O-O-O 16. a4 gxf5 17. axb5 axb5 18. Nxf5 Qf8 19. Nc3 Ned4 20. Nxd4 Bxd4 21.  Bg5 b4 22. Bxd8 bxc3 23. Bxc6 Bxc6 24. Qxd4 Rg8 25. Rf2 Qxd8 26. Qxc3 Qg5 27.  Qg3 Qxg3 28. hxg3 Rxg3 29. Re1 Kd8 30. Kh2 Rg5 31. Re3 Ke7 32. c4 h5 33. Kh3  Rg4 34. b3 Ke6 35. Rf6+ Ke7 36. g3 Be4 37. Rf4 Rxf4 38. gxf4 Bg6 39. Kh4 f6 40.  exf6+ Kxf6 41. Re5 Bc2 42. b4 Bd1 43. c5 c6 44. Kg3 Bg4 45. Rg5 Bd1 46. Kf2 Bg4  47. Ke3 Ke6 48. Kd4 Bf3 1-0

[Event "Chicago op"]
[Site "Chicago"]
[Date "1995.??.??"]
[Round "2"]
[White "Tate, Emory"]
[Black "Sokolin, Leonid M"]
[Result "0-1"]
[WhiteElo "2370"]
[BlackElo "2465"]

1. e4 c5 2. Nf3 d6 3. d4 cxd4 4. Nxd4 Nf6 5. Nc3 Nc6 6. Bc4 Qb6 7. Nb3 e6 8.  Be3 Qc7 9. f4 a6 10. Be2 b5 11. Bf3 Bb7 12. Qe2 Be7 13. O-O-O Rc8 14. g4 b4 15.  Na4 Nd7 16. Qf2 Na5 17. Nb6 Nxb3+ 18. axb3 Nxb6 19. Bxb6 Qc6 20. Kb1 O-O 21. g5  Ra8 22. Rd3 a5 23. f5 a4 24. e5 d5 25. f6 axb3 26. cxb3 Qb5 27. Rd2 Qa6 28.  fxe7 Rfc8 29. Bc5 Qa2+ 30. Kc2 Ra5 31. e8=Q+ Rxe8 32. Bh5 Rxc5+ 33. Qxc5 Rc8  34. Qxc8+ Bxc8 35. Rf1 g6 36. Rdf2 Qa7 0-1

[Event "Mid America Class op"]
[Site "Chicago"]
[Date "1995.??.??"]
[Round "5"]
[White "Tate, Emory"]
[Black "Orlov, Georgi"]
[Result "1-0"]
[WhiteElo "2370"]
[BlackElo "2480"]

1. d4 Nf6 2. c4 Nc6 3. d5 Ne5 4. f4 Nxc4 5. e4 Nb6 6. a4 a5 7. Nc3 c6 8. Be3 d6  9. Qb3 Nbd7 10. Nf3 cxd5 11. Bb5 dxe4 12. Ng5 d5 13. f5 e6 14. fxe6 Bb4 15.  Nxf7 Qe7 16. Ng5 Ng4 17. Bf4 h6 18. O-O-O hxg5 19. Rxd5 Ngf6 20. Re5 gxf4 21.  exd7+ Bxd7 22. Bxd7+ Nxd7 23. Rxe7+ Bxe7 24. Qxb7 Rb8 25. Qxe4 Nc5 26. Qg6+ Kf8  27. Rf1 Rh6 28. Rxf4+ Kg8 29. Qf7+ Kh8 30. Rf5 Rf8 31. Qxf8+ Bxf8 32. Rxf8+ Kh7  33. Rf5 Nb3+ 34. Kb1 Rxh2 35. Ka2 Nc1+ 36. Ka3 Rxg2 37. Rh5+ Kg6 38. Rxa5 Nd3  39. Rb5 Rc2 40. Nd5 Rc1 41. a5 Ra1+ 42. Kb3 Kf7 43. Nb4 Nxb4 44. Kxb4 Kf6 45.  Rb6+ Kf5 46. a6 Kf4 47. Rg6 Kf5 48. Rxg7 Rxa6 49. Kb5 Ra2 50. b4 Ke6 51. Kb6  Kd6 52. b5 Rb2 53. Rg5 Kd7 54. Kb7 Ra2 55. b6 Kd6 56. Rg1 1-0

[Event "New York PCA-qual"]
[Site "New York"]
[Date "1995.??.??"]
[Round "6"]
[White "Tate, Emory"]
[Black "Sagalchik, Gennadij"]
[Result "1-0"]
[WhiteElo "2370"]
[BlackElo "2530"]

1. d4 Nf6 2. c4 e6 3. Nc3 d5 4. Nf3 dxc4 5. e4 Bb4 6. Bg5 c5 7. e5 cxd4 8. exf6  gxf6 9. Qa4+ Nc6 10. O-O-O Bd7 11. Nxd4 Bxc3 12. Nxc6 bxc6 13. Bh6 Be5 14. Bxc4  Qb6 15. Rd2 Rb8 16. Bb3 Rb7 17. Rhd1 Qb5 18. f4 Bb8 19. Qd4 e5 20. Qe4 f5 21.  Qe3 e4 22. Qd4 Rg8 23. Qxd7+ Rxd7 24. Rxd7 Qc5+ 25. Kb1 Qe7 26. Rxe7+ Kxe7 27.  Bg5+ f6 28. Bxg8 fxg5 29. fxg5 Bxh2 30. Bxh7 e3 31. Bxf5 Bg3 32. Bg4 1-0

[Event "New York op"]
[Site "Newark"]
[Date "1995.??.??"]
[Round "?"]
[White "Tate, Emory"]
[Black "Chipkin, Leonard"]
[Result "1-0"]
[WhiteElo "2370"]
[BlackElo "2230"]

1. e4 e6 2. Nf3 d5 3. e5 c5 4. b4 cxb4 5. d4 Nc6 6. a3 bxa3 7. c3 Bd7 8. Bd3  Nge7 9. Ng5 Ng6 10. Qh5 Nce7 11. Qf3 Nf5 12. Bxf5 exf5 13. Qxd5 Qe7 14. Qxb7  Rc8 15. h4 Nxe5 16. O-O Nc6 17. Bxa3 Qe2 18. Qb3 Nd8 19. Ra2 Qc4 20. Re1+ Ne6  21. Qxc4 Rxc4 22. d5 h6 23. dxe6 fxe6 24. Nxe6 Bxa3 25. Nxa3 Re4 26. Nxg7+ Kf7  27. Rxe4 fxe4 28. Nc4 1-0

[Event "New York op"]
[Site "Newark"]
[Date "1995.??.??"]
[Round "?"]
[White "Tate, Emory"]
[Black "De Firmian, Nick E"]
[Result "0-1"]
[WhiteElo "2370"]
[BlackElo "2590"]

1. e4 c5 2. Nf3 d6 3. d4 cxd4 4. Nxd4 Nf6 5. Nc3 a6 6. Qf3 g6 7. Bg5 Bg7 8. Be2  Qa5 9. h4 Bg4 10. Qe3 Bxe2 11. Nb3 Qb4 12. a3 Qc4 13. Nd2 Qc6 14. Qxe2 Nbd7 15.  O-O-O Rc8 16. Nb3 h6 17. Bxf6 Nxf6 18. Rh3 h5 19. Nd5 Nxd5 20. exd5 Qd7 21. Kb1  Rc7 22. Re3 Bf6 23. Re4 Kf8 24. Nd4 Kg7 25. c3 Rc5 26. Nb3 Rc7 27. Nd4 Rc5 28.  Nb3 Rcc8 29. Nd4 Rc7 30. Ka2 b5 31. f4 Rc4 32. Nc6 Rxe4 33. Qxe4 Bxh4 34. f5  Bf6 35. fxg6 fxg6 36. Nd4 Kf7 37. Ne6 Qc8 38. Kb3 Qc4+ 39. Qxc4 bxc4+ 40. Kxc4  g5 41. a4 h4 42. Kd3 g4 43. Ke4 h3 44. gxh3 gxh3 45. Kf3 Be5 46. Ng5+ Kg6 47.  Ne4 Rf8+ 48. Ke3 h2 49. b4 Rh8 50. Rh1 Rh3+ 51. Kd2 Kf5 52. Nf2 Bf4+ 53. Kc2  Rf3 54. Nd3 Ke4 55. Nxf4 Rf2+ 56. Kb3 Kxf4 57. a5 Kg3 58. c4 Rf3+ 59. Kb2 Kg2  60. Rxh2+ Kxh2 61. b5 axb5 62. cxb5 Rd3 0-1

[Event "World op"]
[Site "Philadelphia"]
[Date "1995.??.??"]
[Round "7"]
[White "Tate, Emory"]
[Black "Adams, Nick A"]
[Result "1-0"]
[WhiteElo "2380"]
[BlackElo "2220"]

1. e4 c6 2. Nf3 d5 3. Nc3 dxe4 4. Nxe4 Nf6 5. Qe2 e6 6. d4 Be7 7. Bd2 b6 8. c4  Bb7 9. O-O-O Nbd7 10. Nc3 O-O 11. Bf4 Re8 12. Qc2 Nf8 13. Kb1 Ng6 14. Bc1 Bd6  15. h4 Nf8 16. Bd3 Qc7 17. Bg5 Ng4 18. Ne4 Be7 19. Bc1 Nf6 20. Neg5 Bd6 21. c5  Bf4 22. Bxf4 Qxf4 23. Ne5 bxc5 24. g3 Qxd4 25. Bxh7+ N8xh7 26. Rxd4 cxd4 27.  Ngxf7 c5 28. Nh6+ 1-0

[Event "Chicago op"]
[Site "Chicago"]
[Date "1994.??.??"]
[Round "3"]
[White "Tate, Emory"]
[Black "Cooper, Thomas L"]
[Result "0-1"]
[WhiteElo "2350"]
[BlackElo "2310"]

1. e4 c6 2. Nc3 d5 3. Nf3 Bg4 4. h3 Bh5 5. exd5 cxd5 6. Bb5+ Nc6 7. g4 Bg6 8.  h4 Rc8 9. Rh3 f6 10. d4 e6 11. Qe2 Bf7 12. a3 a6 13. Ba4 Kd7 14. Bf4 Bd6 15.  Bxd6 Kxd6 16. Bxc6 Rxc6 17. Nd2 h5 18. Nb3 Nh6 19. Nc5 Kc7 20. N3a4 Qd6 21. Rb3  Rb8 22. Qd2 Nxg4 23. Qa5+ Kc8 24. Nb6+ Rxb6 25. Qxb6 Qxb6 26. Rxb6 Kc7 27. Rb3  Nh6 28. c4 dxc4 29. Rc3 e5 30. dxe5 fxe5 31. O-O-O Kc6 32. Nd3 Re8 33. Nb4+ Kc5  34. Rd7 a5 35. Nc2 Kc6 36. Rd2 b5 37. Ne3 b4 38. Rcc2 c3 39. axb4 axb4 40. bxc3  Bb3 41. cxb4+ Bxc2 42. Rxc2+ Kb7 43. Kb2 Rd8 44. Kb3 Rd4 45. Ka4 Rxh4 46. Nc4  Rf4 47. Na5+ Kb8 48. Kb5 Nf5 49. Nc6+ Kb7 50. Nd8+ Kb8 51. Nc6+ Kb7 52. Na5+  Kb8 53. Ka6 Nd4 54. Nc6+ Nxc6 55. Rxc6 Rf6 0-1

[Event "New York op"]
[Site "New York"]
[Date "1994.??.??"]
[Round "5"]
[White "Tate, Emory"]
[Black "Gurevich, Dmitry"]
[Result "0-1"]
[WhiteElo "2350"]
[BlackElo "2545"]

1. e4 c5 2. Nf3 d6 3. d4 cxd4 4. Nxd4 Nf6 5. Nc3 Nc6 6. Bc4 e6 7. Be3 a6 8. Qe2  Qc7 9. O-O-O Na5 10. Bb3 b5 11. g4 b4 12. g5 Nd7 13. Na4 Nxb3+ 14. axb3 Nc5 15.  Rhe1 Be7 16. Kb1 Bd7 17. Bc1 g6 18. f4 e5 19. Nxc5 dxc5 20. Nf5 gxf5 21. exf5  Bxf5 22. Qxe5 Qxe5 23. Rxe5 Bg4 24. Rg1 Bh5 25. Rg3 Ra7 26. Rh3 Bg4 27. Rg3 Bh5  28. Rh3 Bg4 29. Rg3 Bc8 30. Rge3 Kd8 31. f5 Bd6 32. Rd3 Rd7 33. Red5 Kc7 34.  Rh3 Kc6 35. Rd1 Rdd8 36. Rf3 Bxh2 37. Rh1 Be5 38. Rh6+ Rd6 39. f6 Rd1 40. g6  0-1

[Event "New York op"]
[Site "New York"]
[Date "1994.??.??"]
[Round "7"]
[White "Tate, Emory"]
[Black "Razuvaev, Yuri S"]
[Result "1/2-1/2"]
[WhiteElo "2350"]
[BlackElo "2555"]

1. e4 c5 2. Nf3 Nc6 3. d4 cxd4 4. Nxd4 e6 5. Nc3 Qc7 6. Be3 a6 7. f4 b5 8. Qf3  Bb7 9. Bd3 Nf6 10. g4 h6 11. O-O-O Rc8 12. Rhe1 Nxd4 13. Bxd4 Bc5 14. Bxc5 Qxc5  15. h4 b4 16. Nb1 d5 17. e5 Ne4 18. f5 Qf2 19. Qxf2 Nxf2 20. Rd2 Nxd3+ 21. Rxd3  Rc4 22. Rg3 Ke7 23. Nd2 Rf4 24. Rf1 Rxf1+ 25. Nxf1 h5 26. Nd2 hxg4 27. Rxg4 a5  28. fxe6 Kxe6 29. Nb3 Kxe5 30. Nxa5 Bc8 31. Rxb4 Bf5 32. a4 Be4 33. Nc6+ Kf4  34. Rb7 Rxh4 35. Rxf7+ Ke3 36. b3 Rh1+ 37. Kb2 Rh2 38. Nb4 g5 39. Re7 Kf3 40.  a5 d4 41. a6 g4 42. a7 Rh8 43. Rf7+ Ke3 44. Rg7 Kf3 45. Nd3 g3 46. b4 Re8 47.  b5 Ba8 48. Kb3 g2 49. Kc4 Re7 50. Rxg2 Kxg2 51. b6 Kf3 52. Nc5 Ke3 53. Nb3 Re8  54. Kb5 Rc8 55. Na5 1/2-1/2

[Event "World op 22nd"]
[Site "Philadelphia"]
[Date "1994.??.??"]
[Round "?"]
[White "Tate, Emory"]
[Black "Ehlvest, Jaan"]
[Result "0-1"]
[WhiteElo "2350"]
[BlackElo "2610"]

1. e4 c5 2. Nf3 e6 3. d4 cxd4 4. Nxd4 Nc6 5. Nc3 a6 6. f4 Qc7 7. Be3 b5 8. Qf3  Bb7 9. Bd3 Nxd4 10. Bxd4 Ne7 11. Qg3 Nc6 12. Bf2 h5 13. O-O-O Rc8 14. Rhe1 Nb4  15. Re2 h4 16. Qe3 Bd6 17. e5 Be7 18. Be1 Bc5 19. Qh3 g6 20. Kb1 Be7 21. g4  Nxd3 22. Qxd3 Rd8 23. f5 gxf5 24. gxf5 Qc4 25. Qxc4 bxc4 26. f6 Bf8 27. Rd4 d6  28. Red2 d5 29. Rxh4 Rxh4 30. Bxh4 d4 31. Ne2 d3 32. Nf4 Bh6 33. Bg3 Rd4 34.  cxd3 Bxf4 35. Bxf4 Rxf4 36. dxc4 Rxc4 37. b3 Re4 38. Rc2 Kd7 39. Rc5 0-1

[Event "Illinois op Class MX"]
[Site "Illinois"]
[Date "1993.??.??"]
[Round "?"]
[White "Tate, Emory"]
[Black "Martinovsky, Eugene"]
[Result "1-0"]
[WhiteElo "2325"]
[BlackElo "2280"]

1. c4 e5 2. g3 Nc6 3. Bg2 d6 4. Nc3 Be6 5. d3 Qd7 6. Rb1 g6 7. b4 Bg7 8. b5 Nd8  9. Nf3 Bh3 10. Bxh3 Qxh3 11. Qa4 Qd7 12. O-O Ne7 13. Ba3 Ne6 14. c5 O-O 15.  Rfc1 dxc5 16. Qe4 b6 17. Nxe5 Qd4 18. Nc6 Nxc6 19. Qxc6 Qg4 20. e3 Rfd8 21. Nd5  Qe2 22. d4 cxd4 23. Rb2 Qh5 24. Ne7+ Kh8 25. exd4 Nxd4 26. Qc4 Nf3+ 27. Kg2 Ne5  28. Qe2 Nd3 29. Rxc7 Nxb2 30. Qxb2 Rd3 31. Qc2 Qf3+ 32. Kh3 g5 33. Bb2 g4+ 34.  Kh4 Bf6+ 35. Kh5 Rad8 36. Qxd3 Bxb2 37. Qxd8+ Kg7 38. Qg8+ Kf6 39. Qg5+ Ke6 40.  Qxg4+ Qxg4+ 41. Kxg4 Be5 42. Rxa7 1-0

[Event "Illinois op2"]
[Site "Illinois"]
[Date "1993.??.??"]
[Round "4"]
[White "Tate, Emory"]
[Black "Martinovsky, Eugene"]
[Result "1-0"]
[WhiteElo "2325"]
[BlackElo "2280"]

1. Nf3 Nf6 2. c4 e6 3. g3 d5 4. Bg2 Be7 5. O-O O-O 6. b3 Ne4 7. a3 c5 8. d3 Bf6  9. Ra2 Nd6 10. cxd5 exd5 11. Qc2 b6 12. e4 dxe4 13. dxe4 Nc6 14. Bf4 Nb5 15. e5  Be7 16. Qe4 Bb7 17. e6 f5 18. Qc4 Nbd4 19. Nxd4 Qxd4 20. Qxd4 cxd4 21. Rc1 Rac8  22. Rac2 d3 23. Rc4 g5 24. Bd2 Na5 25. Bxb7 Rxc4 26. Rxc4 Nxc4 27. bxc4 Rd8 28.  Nc3 Bxa3 29. Bxg5 Re8 30. Bc6 Rc8 31. Bd5 Kf8 32. Nb5 Bb4 33. Nxa7 Rc7 34. Nb5  Rc8 35. Kf1 Kg7 36. Be3 Rb8 37. Bd4+ Kf8 38. g4 fxg4 39. Be4 d2 40. Ke2 h5 41.  Nc3 Re8 42. Bd5 b5 43. Nxb5 Ke7 44. Nc3 Rf8 45. Kxd2 h4 46. Ke3 Bd6 47. Nb5 Bb4  48. Na7 Kd6 49. Nc6 Ba3 50. e7 Bc1+ 51. Ke2 Rc8 52. Bf7 1-0

[Event "Illinois op2"]
[Site "Illinois"]
[Date "1993.??.??"]
[Round "5"]
[White "Tate, Emory"]
[Black "Gurevich, Dmitry"]
[Result "1/2-1/2"]
[WhiteElo "2325"]
[BlackElo "2495"]

1. e4 c5 2. Nf3 d6 3. d4 cxd4 4. Nxd4 e6 5. Nc3 a6 6. Be3 Nf6 7. Qf3 Nbd7 8.  Be2 Qc7 9. O-O-O Rb8 10. g4 b5 11. g5 Ne5 12. Qg3 Nfd7 13. f4 Nc4 14. Rhe1 Nxe3  15. Qxe3 1/2-1/2

[Event "World op 21st"]
[Site "Philadelphia"]
[Date "1993.??.??"]
[Round "7"]
[White "Tate, Emory"]
[Black "Chow, Richard"]
[Result "1/2-1/2"]
[WhiteElo "2330"]
[BlackElo "2335"]

1. c4 c5 2. Nf3 Nf6 3. Nc3 d5 4. cxd5 Nxd5 5. e4 Nb4 6. Bb5+ N8c6 7. O-O a6 8.  Be2 Bg4 9. Ne1 Bxe2 10. Nxe2 Nd3 11. Qb3 Nxe1 12. Rxe1 e6 13. d3 Be7 14. Be3  O-O 15. Rac1 b6 16. f4 Qb8 17. Rf1 Ra7 18. d4 Nxd4 19. Nxd4 cxd4 20. Bxd4 Rd7  21. Qxb6 Qa8 22. Bc3 Qxe4 23. Qxa6 Ra8 24. Qb5 Rb7 25. Qh5 Rxa2 26. f5 exf5 27.  Rce1 Qg4 28. Qxf5 Qxf5 29. Rxf5 f6 30. Rf4 Bd6 31. Rf3 Bb4 32. Bxb4 Rxb4 33. b3  Rb2 34. Ree3 Kf7 35. Rc3 g5 36. h3 h5 37. Rc7+ Kg6 38. Rc6 Rf4 39. Rxf4 gxf4  40. Rb6 Kg5 41. Rb4 f5 42. Kf1 Ra2 43. Rb5 Rb2 44. Rb4 Ra2 45. Rb5 Rb2 46. b4  h4 47. Rc5 f3 48. gxf3 Rxb4 49. Rc2 Kf4 50. Kf2 1/2-1/2

[Event "World op 21st"]
[Site "Philadelphia"]
[Date "1993.??.??"]
[Round "9"]
[White "Tate, Emory"]
[Black "Coleman, David"]
[Result "1-0"]
[WhiteElo "2330"]
[BlackElo "2260"]

1. e4 c5 2. Nf3 d6 3. d4 cxd4 4. Nxd4 Nf6 5. Nc3 a6 6. Bc4 e6 7. Bb3 b5 8. Bg5  Be7 9. Qf3 Qc7 10. O-O-O O-O 11. e5 dxe5 12. Bxf6 Bxf6 13. Ndxb5 Qb7 14. Nd6  Qxf3 15. gxf3 Bd7 16. Nce4 Bc6 17. Nxf6+ gxf6 18. Rhg1+ Kh8 19. Nxf7+ 1-0

[Event "New York op"]
[Site "New York"]
[Date "1993.??.??"]
[Round "2"]
[White "Tate, Emory"]
[Black "Epishin, Vladimir"]
[Result "0-1"]
[WhiteElo "2325"]
[BlackElo "2620"]

1. e4 c6 2. Nc3 d5 3. Nf3 Bg4 4. h3 Bxf3 5. Qxf3 Nf6 6. d3 e6 7. Bd2 Be7 8. g4  Na6 9. g5 Nd7 10. h4 Nb4 11. Qd1 Qb6 12. Bh3 dxe4 13. dxe4 O-O-O 14. a3 Na6 15.  Bc1 h6 16. Qf3 hxg5 17. hxg5 Nc7 18. Qg3 Nb5 19. Be3 Nc5 20. g6 Nxc3 21. bxc3  Qb2 22. O-O Qxc3 23. gxf7 Qf6 24. f3 Qxf7 25. Rad1 b6 26. Bg4 Kb7 27. Qe5 Bf6  28. Qg3 Na4 29. Rd6 Nc3 30. Kg2 Ne2 31. Rxd8 Nxg3 32. Rxh8 Nxf1 33. Kxf1 Qe7  34. Ke2 Bg5 35. f4 Bh6 36. e5 Qf7 37. Kf3 Bxf4 38. Bxe6 Qxe6 39. Bxf4 g5 40.  Bg3 Qf5+ 41. Ke3 Qxc2 42. Rd8 Qg2 43. Be1 g4 44. Rd7+ Ka6 45. Rd3 g3 46. e6 Qh3  0-1

[Event "New York op"]
[Site "New York"]
[Date "1993.??.??"]
[Round "5"]
[White "Tate, Emory"]
[Black "Yermolinsky, Alex"]
[Result "0-1"]
[WhiteElo "2325"]
[BlackElo "2615"]

1. e4 c5 2. Nf3 d6 3. d4 cxd4 4. Nxd4 Nf6 5. Nc3 Nc6 6. Bc4 Qb6 7. Nb3 e6 8.  Be3 Qc7 9. Be2 a6 10. f4 b5 11. Bf3 Bb7 12. Qe2 Be7 13. O-O-O O-O 14. Qf2 Rac8  15. Kb1 Nd7 16. g4 Na5 17. g5 b4 18. Nxa5 Qxa5 19. Ne2 Nc5 20. Ng3 Na4 21. f5  d5 22. f6 Nc3+ 23. bxc3 bxc3 24. Ka1 Ba3 25. Rb1 Bb2+ 26. Rxb2 cxb2+ 27. Kb1 g6  28. Qd2 Qa3 29. Re1 Rc4 30. Qd3 Rc3 31. Qd4 Rxc2 32. exd5 Rfc8 33. Ne2 Bxd5 34.  Bxd5 Rxe2 35. Rd1 exd5 36. Qxd5 0-1

[Event "New York op"]
[Site "New York"]
[Date "1993.??.??"]
[Round "9"]
[White "Tate, Emory"]
[Black "Ashley, Maurice"]
[Result "1/2-1/2"]
[WhiteElo "2325"]
[BlackElo "2365"]

1. e4 c5 2. Nf3 d6 3. d4 cxd4 4. Nxd4 Nf6 5. Nc3 Nc6 6. Bg5 e6 7. Qd2 a6 8.  O-O-O h6 9. Be3 Qc7 10. f3 Rb8 11. g4 Ne5 12. f4 Nexg4 13. Bg1 e5 14. Bb5+ axb5  15. Ndxb5 Qd8 16. Bc5 d5 17. Ba7 Ra8 18. Nxd5 Nxd5 19. Qxd5 Qxd5 20. Nc7+ Kd7  21. Nxa8 Qd6 22. Bb8 Kc6 23. Bxd6 Bxd6 24. Rd3 b5 25. Rhd1 Bc5 26. Rd8 Rxd8 27.  Rxd8 Bb7 28. h3 Nf2 29. fxe5 Nxh3 30. c3 Nf2 31. b4 Be7 32. Rb8 Bg5+ 33. Kc2 h5  34. a4 Bxa8 35. axb5+ Kd7 36. Rxa8 Bf4 37. Rf8 Ke7 38. Rh8 h4 39. Rxh4 g5 40.  Rh8 Bxe5 41. Rg8 f6 42. b6 Kf7 43. Ra8 g4 44. Ra1 g3 45. Rg1 Nxe4 46. c4 Ke6  47. Kd3 f5 48. Ke3 Ng5 49. c5 f4+ 50. Kd3 f3 51. Re1 f2 52. Rxe5+ Kxe5 53. Ke2  Nf3 54. b7 Nd4+ 55. Kf1 Nc6 56. b5 Nb8 57. c6 Kd6 1/2-1/2